[Event "Rottach Egern Seniors Cup 9th"]
[Site "Rottach Egern"]
[Date "2021.10.27"]
[Round "6"]
[White "Dittmar, Michael"]
[Black "Kurpiela, Franz"]
[Result "1-0"]
[WhiteElo "1632"]
[BlackElo "1744"]
[PlyCount "93"]
[EventDate "2021.10.22"]
[EventType "swiss"]
[EventRounds "7"]
[EventCountry "GER"]
[SourceTitle "CBM 204 Extra"]
[Source "ChessBase"]
[SourceDate "2021.11.30"]
[SourceVersion "1"]
[SourceVersionDate "2021.11.30"]
[SourceQuality "1"]

1. e4 d5 2. exd5 Nf6 3. d4 Nxd5 4. Bc4 Nc6 5. c3 a6 6. Qf3 e6 7. Nh3 h6 8. 0-0 Na5 9. Bd3 Qf6 10. Qe4 Bd7 11. Bd2 Bc6 12. Qe2 b5 13. a3 Nb6 14. Bf4 Rc8 15. Be5 Qh4 16. Nd2 Bd6 17. b4 Nb7 18. Bg3 Qd8 19. f4 Nd5 20. Ne4 Ne7 21. Nxd6+ cxd6 22. f5 Bd7 23. Rac1 Qb6 24. Kh1 0-0 25. f6 Ng6 26. fxg7 Kxg7 27. Nf4 Rce8 28. Nh5+ Kh7 29. Nf6+ Kg7 30. Nxd7 Qd8 31. Nf6 Re7 32. Qg4 e5 33. Bh4 Kh8 34. Nh5 Rg8 35. Bf6+ Kh7 36. Qh4 Rge8 37. Bxe7 Qxe7 38. Nf6+ Kg7 39. Nxe8+ Qxe8 40. Qf6+ Kg8 41. Rf3 Nd8 42. Rg3 e4 43. Re1 d5 44. Be2 Qe6 45. Qxd8+ Kg7 46. Bg4 Qf6 47. Qxf6+ 1-0

[Event "Rottach Egern Seniors Cup 9th"]
[Site "Rottach Egern"]
[Date "2021.10.26"]
[Round "5"]
[White "Stierle, Martin"]
[Black "Dittmar, Michael"]
[Result "1-0"]
[WhiteElo "1886"]
[BlackElo "1632"]
[PlyCount "103"]
[EventDate "2021.10.22"]
[EventType "swiss"]
[EventRounds "7"]
[EventCountry "GER"]
[SourceTitle "CBM 204 Extra"]
[Source "ChessBase"]
[SourceDate "2021.11.30"]
[SourceVersion "1"]
[SourceVersionDate "2021.11.30"]
[SourceQuality "1"]

1. d4 d5 2. c4 e6 3. Nc3 Nf6 4. Nf3 c5 5. cxd5 Nxd5 6. e4 Nf6 7. d5 exd5 8. exd5 Bd6 9. Nd2 0-0 10. Be2 Re8 11. Nc4 Bg4 12. Be3 Bxe2 13. Qxe2 a6 14. a4 Bf8 15. 0-0 Nbd7 16. Rad1 Ne4 17. Nxe4 Rxe4 18. Qd3 Re8 19. Qb3 b5 20. axb5 axb5 21. Qxb5 Rb8 22. Qa4 Rb4 23. Qc2 Qb8 24. Rb1 Qb5 25. Rfc1 Qb7 26. Rd1 Rb8 27. Bd2 Rb5 28. Bc3 Qc7 29. Qf5 Re8 30. d6 Qc6 31. Re1 Rbb8 32. Qg4 g6 33. Na5 Qb5 34. Qc4 Qxc4 35. Nxc4 f6 36. Ra1 Rxe1+ 37. Rxe1 Kf7 38. f4 Re8 39. Rxe8 Kxe8 40. g4 Bh6 41. f5 Bf4 42. Kg2 gxf5 43. gxf5 Kf7 44. h3 h5 45. Kf3 Bh2 46. Ke4 Bg1 47. Kd5 Bh2 48. Kc6 Ke8 49. Nd2 Kd8 50. Ne4 Be5 51. Nxc5 Nb8+ 52. Kd5 1-0

[Event "Rottach Egern Seniors Cup 9th"]
[Site "Rottach Egern"]
[Date "2021.10.24"]
[Round "3"]
[White "Astengo, Corrado"]
[Black "Dittmar, Michael"]
[Result "1/2-1/2"]
[WhiteElo "2072"]
[BlackElo "1632"]
[PlyCount "58"]
[EventDate "2021.10.22"]
[EventType "swiss"]
[EventRounds "7"]
[EventCountry "GER"]
[SourceTitle "CBM 204 Extra"]
[Source "ChessBase"]
[SourceDate "2021.11.30"]
[SourceVersion "1"]
[SourceVersionDate "2021.11.30"]
[SourceQuality "1"]

1. e4 e5 2. Nf3 Nc6 3. d4 exd4 4. Bc4 Bc5 5. c3 Qe7 6. 0-0 Ne5 7. Bb3 Nxf3+ 8. Qxf3 d6 9. Re1 Be6 10. e5 0-0-0 11. Qg3 Qf8 12. Bxe6+ fxe6 13. exd6 Rxd6 14. Bf4 Rd7 15. Rxe6 Nf6 16. Qh3 Nd5 17. Bg3 Nf4 18. Bxf4 Qxf4 19. Na3 d3 20. Rf1 d2 21. Re2 Rf8 22. Nc2 Kd8 23. Rd1 Bxf2+ 24. Kh1 Bc5 25. g3 Qf1+ 26. Rxf1 Rxf1+ 27. Qxf1 d1Q 28. Re1 Qd5+ 29. Qg2 Qxg2+ 1/2-1/2

[Event "Rottach Egern Seniors Cup 9th"]
[Site "Rottach Egern"]
[Date "2021.10.23"]
[Round "2"]
[White "Dittmar, Michael"]
[Black "Kesseler, Heiko"]
[Result "1/2-1/2"]
[WhiteElo "1632"]
[BlackElo "2044"]
[PlyCount "142"]
[EventDate "2021.10.22"]
[EventType "swiss"]
[EventRounds "7"]
[EventCountry "GER"]
[SourceTitle "CBM 204 Extra"]
[Source "ChessBase"]
[SourceDate "2021.11.30"]
[SourceVersion "1"]
[SourceVersionDate "2021.11.30"]
[SourceQuality "1"]

1. e4 c5 2. Nc3 a6 3. g3 Nc6 4. Nf3 e6 5. d4 cxd4 6. Nxd4 Nge7 7. Be3 Nxd4 8. Qxd4 Nc6 9. Qd2 Bb4 10. 0-0-0 Qa5 11. Kb1 0-0 12. a3 Bxc3 13. Qxc3 Qxc3 14. bxc3 b5 15. Bc5 Re8 16. f4 Nb8 17. Bh3 Bb7 18. Rhe1 a5 19. Kb2 Na6 20. Bb6 Bc6 21. e5 Nb8 22. Bc5 Rc8 23. Bd6 Ra7 24. Bf1 Rb7 25. Rd4 Bd5 26. Re3 Nc6 27. Rd1 h6 28. Kc1 a4 29. g4 Na5 30. Rg3 Nc4 31. Bb4 Rbc7 32. Rd4 Rb7 33. h4 Kh8 34. g5 h5 35. Bxc4 Rxc4 36. Rxc4 Bxc4 37. g6 fxg6 38. Rxg6 Kh7 39. Rg5 g6 40. Kd2 Rc7 41. Bd6 Rc6 42. Rg3 Kg7 43. Rg1 Bd5 44. Be7 Rc4 45. Bg5 Kf7 46. Rb1 Rc5 47. Rb4 Bc4 48. Rb1 Rd5+ 49. Ke1 d6 50. Rd1 dxe5 51. Rxd5 Bxd5 52. fxe5 Ke8 53. Kd2 Kd7 54. Kd3 Kc6 55. Be7 Bg2 56. Kd4 Bh3 57. c4 Kd7 58. Bg5 bxc4 59. Kxc4 Bf5 60. c3 Kc6 61. Be3 Bc2 62. Kd4 Bb3 63. Ke4 Kb5 64. Kd4 Bd5 65. Bg5 Bb3 66. Be3 Bc4 67. Bg5 Bf1 68. Be3 Bc4 69. Bg5 Bd5 70. Be3 Kc6 71. Bg5 Bb3 1/2-1/2

[Event "Davos Summer op"]
[Site "Davos"]
[Date "2020.07.12"]
[Round "5"]
[White "Louis, Guillaume"]
[Black "Dittmar, Michael"]
[Result "1/2-1/2"]
[WhiteElo "1783"]
[BlackElo "1604"]
[PlyCount "50"]
[EventDate "2020.07.09"]
[EventType "swiss"]
[EventRounds "5"]
[EventCountry "SUI"]
[SourceTitle "CBM 197 Extra"]
[Source "ChessBase"]
[SourceDate "2020.09.30"]
[SourceVersion "1"]
[SourceVersionDate "2020.09.30"]
[SourceQuality "1"]

1. e4 e5 2. Nf3 Nc6 3. Bb5 a6 4. Ba4 Nf6 5. 0-0 b5 6. Bb3 Be7 7. Re1 d6 8. a4 Bg4 9. c3 0-0 10. h3 Bh5 11. d3 d5 12. exd5 Na5 13. g4 Bg6 14. Nxe5 Nxb3 15. Nc6 Qd6 16. Nxe7+ Kh8 17. Nxg6+ fxg6 18. Qxb3 Nxd5 19. Qd1 Rxf2 20. Kxf2 Qh2+ 21. Kf3 Rf8+ 22. Ke4 Re8+ 23. Kf3 Qxh3+ 24. Kf2 Rf8+ 25. Kg1 Qg3+ 1/2-1/2

[Event "Davos Summer op"]
[Site "Davos"]
[Date "2020.07.10"]
[Round "2"]
[White "Dittmar, Michael"]
[Black "Savic, Robert"]
[Result "1/2-1/2"]
[WhiteElo "1604"]
[BlackElo "1928"]
[PlyCount "139"]
[EventDate "2020.07.09"]
[EventType "swiss"]
[EventRounds "5"]
[EventCountry "SUI"]
[SourceTitle "CBM 197 Extra"]
[Source "ChessBase"]
[SourceDate "2020.09.30"]
[SourceVersion "1"]
[SourceVersionDate "2020.09.30"]
[SourceQuality "1"]

1. e4 c5 2. Nf3 d6 3. d4 cxd4 4. Nxd4 Nf6 5. Nc3 a6 6. Be2 e5 7. Nb3 Be7 8. 0-0 0-0 9. Be3 Be6 10. Nd2 Nbd7 11. f4 exf4 12. Rxf4 Ne5 13. h3 d5 14. exd5 Nxd5 15. Nxd5 Qxd5 16. Nf3 Ng6 17. Rd4 Qa5 18. a3 Bf6 19. Rb4 b5 20. c3 Rfd8 21. Qf1 Be7 22. Re4 Bd5 23. Rd4 Bc5 24. Rd3 Qb6 25. Bxc5 Qxc5+ 26. Rd4 Nf4 27. Kh1 Nxe2 28. Qxe2 Bc4 29. Qf2 Rxd4 30. Nxd4 Re8 31. Re1 Re5 32. Qg3 f6 33. Nf3 Rxe1+ 34. Qxe1 Kf7 35. Nd4 Qg5 36. Nf3 Qf4 37. Qd2 Qxd2 38. Nxd2 Bd5 39. Kg1 Ke6 40. Kf2 Ke5 41. g3 g5 42. Ke3 f5 43. h4 gxh4 44. gxh4 f4+ 45. Kf2 Kf5 46. Nf3 Kg4 47. Ne5+ Kxh4 48. b4 Kg5 49. Nd3 Bb7 50. Nc5 Bc8 51. a4 Kf5 52. axb5 axb5 53. Kf3 Ke5 54. Nd3+ Kd5 55. Nb2 h5 56. Kxf4 h4 57. Kf3 Be6 58. Kf4 h3 59. Kg3 Ke4 60. Kh2 Ke3 61. Kg3 Kd2 62. c4 Bxc4 63. Nxc4+ bxc4 64. b5 c3 65. b6 c2 66. b7 c1Q 67. b8Q Qc3+ 68. Kh2 Qf3 69. Qg3 Qxg3+ 70. Kxg3 1/2-1/2

[Event "Davos Summer op"]
[Site "Davos"]
[Date "2020.07.09"]
[Round "1"]
[White "Ermitsch, Magnus"]
[Black "Dittmar, Michael"]
[Result "0-1"]
[WhiteElo "2000"]
[BlackElo "1604"]
[PlyCount "90"]
[EventDate "2020.07.09"]
[EventType "swiss"]
[EventRounds "5"]
[EventCountry "SUI"]
[SourceTitle "CBM 197 Extra"]
[Source "ChessBase"]
[SourceDate "2020.09.30"]
[SourceVersion "1"]
[SourceVersionDate "2020.09.30"]
[SourceQuality "1"]

1. e4 e5 2. Nf3 Nc6 3. Bb5 a6 4. Ba4 Nf6 5. d3 Be7 6. Bxc6 dxc6 7. Nxe5 0-0 8. 0-0 h6 9. h3 Re8 10. Nc4 Be6 11. Nbd2 Bc5 12. Nb3 Ba7 13. Ne3 Qd7 14. Kh2 Rad8 15. f4 Qc8 16. Qf3 c5 17. f5 Bxb3 18. axb3 c6 19. Ng4 Bb8+ 20. Kh1 Nxg4 21. Qxg4 Kh7 22. Qh5 Qc7 23. Bf4 Qd7 24. f6 Bxf4 25. Rxf4 g6 26. Qf3 Qd4 27. Rf1 Qxb2 28. Rh4 Qe5 29. Qe3 g5 30. Rg4 Re6 31. Rf5 Qxf5 32. Rg3 Qe5 33. Rf3 Rdd6 34. g4 Rxf6 35. Rf5 Rxf5 36. gxf5 b5 37. b4 Qa1+ 38. Kg2 Qc3 39. Qe2 cxb4 40. e5 Rd5 41. e6 Re5 42. Qf2 Qe1 43. Qxe1 Rxe1 44. exf7 Kg7 45. f6+ Kxf7 0-1

[Event "Hofheim Spring op-B 6th"]
[Site "Hofheim"]
[Date "2018.04.06"]
[Round "7"]
[White "Rades, Andreas"]
[Black "Dittmar, Michael"]
[Result "1/2-1/2"]
[WhiteElo "1496"]
[BlackElo "1441"]
[PlyCount "114"]
[EventDate "2018.04.03"]
[EventType "swiss"]
[EventRounds "9"]
[EventCountry "GER"]
[SourceTitle "EXT 2020"]
[Source "ChessBase"]
[SourceDate "2019.10.17"]
[SourceVersion "1"]
[SourceVersionDate "2019.10.17"]
[SourceQuality "1"]

1. Nf3 d5 2. g3 Nf6 3. Bg2 Nc6 4. d4 Bf5 5. c3 e6 6. 0-0 Be7 7. Nbd2 0-0 8. Nh4 Bg6 9. Nxg6 fxg6 10. Qb3 Qc8 11. e4 Kh8 12. e5 Nd7 13. Nf3 Nb6 14. Qc2 Qe8 15. Bh3 Rxf3 16. Bf4 Rxf4 17. gxf4 Qf7 18. Qd2 Rf8 19. f5 gxf5 20. Kh1 Qh5 21. Qd3 Nd8 22. f4 Nd7 23. b4 Nb6 24. Rg1 Nc4 25. Rg2 Rg8 26. Rag1 Qf7 27. Re2 b6 28. Bg2 c6 29. Qh3 a5 30. bxa5 Nxa5 31. Bf3 Nc4 32. Reg2 g6 33. Bh5 Kg7 34. Bxg6 hxg6 35. Qh5 Kf8 36. Rxg6 Ke8 37. Rxg8+ Bf8 38. Qh8 Ke7 39. Qh4+ Kd7 40. Rh8 Be7 41. Qh6 Kc8 42. Rgg8 Ne3 43. Qh3 Ng4 44. Kg2 c5 45. Qd3 c4 46. Qb1 Kc7 47. Qb5 Nh6 48. Re8 Qg6+ 49. Kh1 Qg7 50. a4 Ng4 51. h3 Nf2+ 52. Kh2 Bh4 53. Rxh4 Ne4 54. Rh7 Qxh7 55. a5 Qh4 56. axb6+ Kb7 57. Qd7+ Ka6 1/2-1/2

[Event "Hofheim Spring op-B 6th"]
[Site "Hofheim"]
[Date "2018.04.05"]
[Round "4"]
[White "Fuell, Klaus Dieter"]
[Black "Dittmar, Michael"]
[Result "1-0"]
[WhiteElo "1810"]
[BlackElo "1441"]
[PlyCount "83"]
[EventDate "2018.04.03"]
[EventType "swiss"]
[EventRounds "9"]
[EventCountry "GER"]
[SourceTitle "EXT 2020"]
[Source "ChessBase"]
[SourceDate "2019.10.17"]
[SourceVersion "1"]
[SourceVersionDate "2019.10.17"]
[SourceQuality "1"]

1. d4 Nf6 2. Nf3 g6 3. Bf4 d5 4. Nc3 Bg7 5. Qd2 0-0 6. Bh6 Nc6 7. Bxg7 Kxg7 8. e3 a6 9. Be2 Bf5 10. Bd3 Qd7 11. Ne5 Nxe5 12. dxe5 Ng4 13. f4 Rad8 14. Bxf5 Qxf5 15. h3 Nh6 16. g4 Qd7 17. 0-0-0 e6 18. Ne2 c5 19. Ng3 Qa4 20. Kb1 d4 21. e4 Rd7 22. f5 Ng8 23. Nh5+ Kh8 24. Nf6 Nxf6 25. exf6 c4 26. h4 d3 27. c3 Qc6 28. Rde1 e5 29. fxg6 fxg6 30. g5 a5 31. b3 b5 32. h5 Rg8 33. Kb2 Qe6 34. Ref1 Rf7 35. Qh2 Qg4 36. hxg6 Rxg6 37. Qxe5 Qd7 38. Rxh7+ Kxh7 39. Rh1+ Kg8 40. Qh2 Kf8 41. Qb8+ Qe8 42. Rh8+ 1-0

[Event "Hofheim Spring op-B 6th"]
[Site "Hofheim"]
[Date "2018.04.04"]
[Round "3"]
[White "Dittmar, Michael"]
[Black "Bastian, Ben"]
[Result "1-0"]
[WhiteElo "1441"]
[BlackElo "1602"]
[PlyCount "73"]
[EventDate "2018.04.03"]
[EventType "swiss"]
[EventRounds "9"]
[EventCountry "GER"]
[SourceTitle "EXT 2020"]
[Source "ChessBase"]
[SourceDate "2019.10.17"]
[SourceVersion "1"]
[SourceVersionDate "2019.10.17"]
[SourceQuality "1"]

1. d4 Nf6 2. c4 g6 3. Nc3 d5 4. Bg5 e6 5. e3 Bg7 6. cxd5 exd5 7. Qb3 c6 8. Bd3 Qb6 9. Qxb6 axb6 10. Nge2 Na6 11. a3 Nc7 12. 0-0 0-0 13. a4 Bd7 14. Bf4 Ne6 15. Bd6 Rfe8 16. h3 Rad8 17. b4 Bf8 18. Be5 Be7 19. Rfb1 Ra8 20. Bh2 Bd8 21. f3 Bc7 22. Bxc7 Nxc7 23. e4 b5 24. g4 Ra7 25. e5 Rea8 26. exf6 bxa4 27. b5 cxb5 28. Bxb5 Nxb5 29. Nxb5 Ra5 30. Nbc3 b5 31. Nxd5 Be6 32. Ne7+ Kf8 33. d5 Bd7 34. Nd4 R5a6 35. g5 Rb6 36. Nec6 Bxh3 37. Rxb5 1-0